00760cam a22002657a 4500003000500000005001700005008004100022010001000063011001000073020001500083035001000098040000900108082001500117100002400132245011200156260004900268300002000317410002400337490002700361650001700388650001600405700002200421830002700443830002400470CHAP20220329142753.0030814d2002 us a r 00110 spa d a87543 a88515 a1588030008 a99060 cCHAP04a595.76bF800aFurniss, Malcolm M.10aField guide to the bark beetles of idaho and adjacent regionsc/por Malcolm M. Furniss and James B. Johnson aMoscow, Idaho :bUniversity of Idaho,c2002. a125 p. :bilus.00aUniversity of Idaho 0aStation bulletinv; 7414aEscarabajos.14aScolytidae.00aJohnson, James B.0 aStation bulletinv; 7400aUniversity of Idaho